000 01174nam a2200313 i 4500
003 DO-SdBNP
005 20240123134925.0
007 ta
008 240123b2006 mx ad||| |||| 00| 0 spa d
020 _a9702608414
040 _aDO-SdBNP
_bspa
_cBNPHU
_erda
082 4 _bS243p
_222
100 1 _aSarason, Irwin G.,
_947184
_eautor
245 1 0 _aPsicopatología. Psicología anormal :
_bel problema de la conducta inadaptada /
_cIrwin G. Sarason, Barbara R. Sarason ; traductores, Birget C. Nuding Fleischmann, Mónica Gabriela Martínez Gay
250 _a11a ed.
264 _aMéxico :
_bPearson Educación
_c2006.
300 _a676 páginas :
_bilustraciones, gráficos ;
_c27 cm.
336 _2rdacontent
_atexto
_btxt
337 _2rdamedia
_asin mediación
_bn
338 _2rdacarrier
_avolumen
_bnc
500 _aIncluye glosario, índice de autores e índice de temático.
590 _aInventariado, 2024/BT
650 4 _aPsicopatología
_9672
650 4 _aTrastornos mentales
_918252
700 1 _aNuding Fleischmann, Birget C.,
_etraductor
_947185
700 1 _aMartínez Gay, Mónica Gabriela,
_etraductora
_984803
910 _aBtavárez
942 _2ddc
_cLBS1
999 _c55741
_d55741